[Event "Avoine op 35th"]
[Site "Avoine"]
[Date "2021.07.18"]
[Round "9.4"]
[White "Devallee, Jeremie"]
[Black "Dutreuil, Raphael"]
[Result "0-1"]
[WhiteElo "2220"]
[BlackElo "2309"]
[PlyCount "36"]
[EventDate "2021.07.18"]
[EventType "swiss"]
[EventRounds "9"]
[EventCountry "FRA"]
[SourceTitle "EXT 2023"]
[Source "ChessBase"]
[SourceDate "2022.10.05"]
[SourceVersion "1"]
[SourceVersionDate "2022.10.05"]
[SourceQuality "1"]

1. e4 c6 2. d4 d5 3. Nc3 dxe4 4. Nxe4 Nf6 5. Nxf6+ exf6 6. c3 Bd6 7. Bd3 0-0 8. Qc2 Re8+ 9. Ne2 h5 10. 0-0 h4 11. h3 Nd7 12. f4 g6 13. Bxg6 fxg6 14. Qxg6+ Kh8 15. f5 Nf8 16. Qh5+ Nh7 17. Bf4 Bxf5 18. Rad1 Bg6 0-1

[Event "Avoine op 35th"]
[Site "Avoine"]
[Date "2021.07.17"]
[Round "1.6"]
[White "Lebret, Jean Michel"]
[Black "Dutreuil, Raphael"]
[Result "0-1"]
[WhiteElo "2048"]
[BlackElo "2309"]
[PlyCount "58"]
[EventDate "2021.07.18"]
[EventType "swiss"]
[EventRounds "9"]
[EventCountry "FRA"]
[SourceTitle "EXT 2023"]
[Source "ChessBase"]
[SourceDate "2022.10.05"]
[SourceVersion "1"]
[SourceVersionDate "2022.10.05"]
[SourceQuality "1"]

1. e4 c5 2. Nc3 e6 3. g3 d5 4. exd5 exd5 5. d3 Nf6 6. Bg2 Be7 7. Nf3 0-0 8. 0-0 Nc6 9. h3 h6 10. Re1 Be6 11. Bf4 d4 12. Ne2 Nd5 13. Bd2 g5 14. h4 Bg4 15. Nh2 Bf5 16. g4 Be6 17. hxg5 hxg5 18. Ng3 Qd7 19. Be4 f6 20. Nf5 Bd6 21. Qf3 Bf4 22. Qh3 Bxd2 23. Nh6+ Kg7 24. Nf5+ Bxf5 25. Bxf5 Rh8 26. Qxh8+ Rxh8 27. Bxd7 Bxe1 28. Rxe1 Ne5 29. Re4 Nxd7 0-1

[Event "FRA-chT Top 12"]
[Site "Chalons en Champagne"]
[Date "2021.06.27"]
[Round "4.2"]
[White "Hamitevici, Vladimir"]
[Black "Dutreuil, Raphael"]
[Result "1-0"]
[WhiteElo "2456"]
[BlackElo "2309"]
[PlyCount "37"]
[EventDate "2021.06.24"]
[EventType "team-tourn"]
[EventRounds "11"]
[EventCountry "FRA"]
[SourceTitle "CBM 203 Extra"]
[Source "ChessBase"]
[SourceDate "2021.09.30"]
[SourceVersion "1"]
[SourceVersionDate "2021.09.30"]
[SourceQuality "1"]
[WhiteTeam "Vandoeuvre"]
[BlackTeam "Villejuif"]
[WhiteTeamCountry "FRA"]
[BlackTeamCountry "FRA"]

1. e4 c6 2. d4 d5 3. f3 dxe4 4. fxe4 e5 5. Nf3 Bg4 6. c3 Nd7 7. Bd3 Ngf6 8. 0-0 Bd6 9. Na3 b5 10. Nc2 0-0 11. Ne3 Qb6 12. Nxg4 Nxg4 13. Nh4 Ngf6 14. Nf5 c5 15. Qd2 cxd4 16. Qg5 g6 17. Nh6+ Kg7 18. Rxf6 Nxf6 19. Nf5+ 1-0

[Event "FRA-chT Top 12"]
[Site "Chalons en Champagne"]
[Date "2021.06.26"]
[Round "3.5"]
[White "Loiseau, Quentin"]
[Black "Dutreuil, Raphael"]
[Result "1-0"]
[WhiteElo "2459"]
[BlackElo "2309"]
[PlyCount "59"]
[EventDate "2021.06.24"]
[EventType "team-tourn"]
[EventRounds "11"]
[EventCountry "FRA"]
[SourceTitle "CBM 203 Extra"]
[Source "ChessBase"]
[SourceDate "2021.09.30"]
[SourceVersion "1"]
[SourceVersionDate "2021.09.30"]
[SourceQuality "1"]
[WhiteTeam "Grasse Echecs"]
[BlackTeam "Villejuif"]
[WhiteTeamCountry "FRA"]
[BlackTeamCountry "FRA"]

1. d4 Nf6 2. c4 e6 3. Nf3 Bb4+ 4. Nbd2 0-0 5. a3 Be7 6. e4 d6 7. Be2 Nfd7 8. 0-0 e5 9. Rb1 a5 10. b3 c5 11. d5 g6 12. Ne1 Na6 13. Nd3 Nc7 14. Bb2 Bg5 15. g3 Bxd2 16. Qxd2 f5 17. exf5 gxf5 18. Qh6 Qf6 19. Qh3 Qg6 20. f4 Qe8 21. fxe5 Nxe5 22. Bh5 Ng6 23. Rbe1 f4 24. g4 Qf7 25. Nxf4 Qxf4 26. Rxf4 Rxf4 27. Qc3 Rd4 28. Qe3 Bxg4 29. Bxg6 hxg6 30. Qh6 1-0

[Event "Cappelle op 35th"]
[Site "Cappelle la Grande"]
[Date "2019.02.18"]
[Round "4"]
[White "Dutreuil, Raphael"]
[Black "Nikolov, Momchil"]
[Result "0-1"]
[WhiteElo "2277"]
[BlackElo "2577"]
[PlyCount "122"]
[EventDate "2019.02.16"]
[EventType "swiss"]
[EventRounds "9"]
[EventCountry "FRA"]
[SourceTitle "CBM 189 Extra"]
[Source "ChessBase"]
[SourceDate "2019.06.03"]
[SourceVersion "1"]
[SourceVersionDate "2019.06.03"]
[SourceQuality "1"]

1. d4 Nf6 2. c4 e6 3. Nc3 Bb4 4. Qc2 c5 5. dxc5 0-0 6. Nf3 Na6 7. g3 Nxc5 8. Bg2 b6 9. 0-0 Bb7 10. Nb5 Be4 11. Qd1 Nb7 12. Bf4 a6 13. Nd6 Nxd6 14. Bxd6 Bxd6 15. Qxd6 Qb8 16. Rfd1 Qb7 17. Rac1 Rfc8 18. b3 Rc6 19. Qf4 Rac8 20. Bf1 Bxf3 21. Qxf3 d5 22. e3 b5 23. Rb1 R6c7 24. cxb5 axb5 25. Bd3 b4 26. Qe2 Qa8 27. Qb2 Ra7 28. Rbc1 Re8 29. Rd2 Qb8 30. Rc5 e5 31. Rdc2 g6 32. Rc6 Kg7 33. Qc1 Qd8 34. Qd2 Qe7 35. Rb6 Rb7 36. Rcc6 Reb8 37. Ra6 Ne8 38. e4 Rd8 39. exd5 Rxd5 40. Qe3 Nd6 41. Be4 Nxe4 42. Qxe4 Rd4 43. Qe2 Rbd7 44. Ra5 e4 45. Rc4 Rd1+ 46. Kg2 f5 47. Ra8 Qe5 48. Ra7 Rxa7 49. Qxd1 e3 50. Qe2 Qd5+ 51. f3 Qe5 52. Rc8 Rd7 53. Qc4 Rf7 54. Rc5 Qb2+ 55. Qc2 Qf6 56. Rc6 Qe7 57. Qb2+ Kh6 58. Rc4 e2 59. Qd2+ f4 60. Kf2 e1Q+ 61. Qxe1 fxg3+ 0-1

[Event "Angers op 11th"]
[Site "Angers"]
[Date "2016.05.07"]
[Round "3"]
[White "Duboue, Peio"]
[Black "Dutreuil, Raphael"]
[Result "1-0"]
[WhiteElo "2406"]
[BlackElo "2201"]
[PlyCount "45"]
[EventDate "2016.05.06"]
[EventType "swiss"]
[EventRounds "6"]
[EventCountry "FRA"]
[SourceTitle "CBM 172 Extra"]
[Source "ChessBase"]
[SourceDate "2016.06.21"]
[SourceVersion "1"]
[SourceVersionDate "2016.06.21"]
[SourceQuality "1"]

1. e4 c5 2. Nf3 Nc6 3. Be2 e6 4. 0-0 Nf6 5. d3 d5 6. Nbd2 Be7 7. c3 0-0 8. Qc2 b5 9. Re1 Qb6 10. Nf1 Bb7 11. Bg5 dxe4 12. dxe4 c4 13. Ne3 Bc5 14. Rad1 Ne7 15. Bxf6 gxf6 16. Ng4 Kh8 17. Bf1 f5 18. Nf6 fxe4 19. Ng5 Ng6 20. Qe2 e3 21. Qh5 Kg7 22. Ng4 exf2+ 23. Kh1 1-0

[Event "Cappelle op 32nd"]
[Site "Cappelle la Grande"]
[Date "2016.02.17"]
[Round "6"]
[White "Chabanon, Jean Luc"]
[Black "Dutreuil, Raphael"]
[Result "1/2-1/2"]
[WhiteElo "2467"]
[BlackElo "2184"]
[PlyCount "62"]
[EventDate "2016.02.13"]
[EventType "swiss"]
[EventRounds "9"]
[EventCountry "FRA"]
[SourceTitle "EXT 2017"]
[Source "ChessBase"]
[SourceDate "2016.10.25"]
[SourceVersion "1"]
[SourceVersionDate "2016.10.25"]
[SourceQuality "1"]

1. e4 c5 2. Nf3 Nc6 3. Bb5 e6 4. 0-0 Nge7 5. Re1 a6 6. Bf1 d5 7. exd5 Nxd5 8. d4 cxd4 9. Nxd4 Bd7 10. Nb3 Be7 11. c4 Nf6 12. Nc3 0-0 13. Bg5 Qc7 14. Qf3 Rac8 15. Rad1 Rfd8 16. h3 Ne5 17. Rxe5 Qxe5 18. Bf4 Qf5 19. Nd4 Qa5 20. Qxb7 Qb4 21. Qxb4 Bxb4 22. Rc1 Be8 23. Be3 e5 24. Nf3 Bxc3 25. Rxc3 Ne4 26. Rc1 f6 27. Bb6 Rd6 28. c5 Bb5 29. Bc4+ Bxc4 30. cxd6 Nxd6 31. b3 Be6 1/2-1/2

[Event "Wch U20 54th"]
[Site "Khanty-Mansiysk"]
[Date "2015.09.11"]
[Round "9"]
[White "Dutreuil, Raphael"]
[Black "Harsha, Bharathakoti"]
[Result "0-1"]
[WhiteElo "2166"]
[BlackElo "2393"]
[PlyCount "84"]
[EventDate "2015.09.02"]
[EventType "swiss"]
[EventRounds "13"]
[EventCountry "RUS"]
[SourceTitle "EXT 2016"]
[Source "ChessBase"]
[SourceDate "2015.10.08"]
[SourceVersion "1"]
[SourceVersionDate "2015.10.08"]
[SourceQuality "1"]

1. d4 e6 2. c4 b6 3. a3 Bb7 4. Nc3 f5 5. f3 Nf6 6. Bg5 Be7 7. e3 0-0 8. Bd3 Ng4 9. Bxe7 Qxe7 10. Qe2 Qh4+ 11. Kd2 Nf6 12. Nh3 Nc6 13. Rae1 Rae8 14. Kc1 e5 15. d5 e4 16. dxc6 exd3 17. Qxd3 dxc6 18. Nf4 Rf7 19. Nce2 Nd7 20. Nd4 Ne5 21. Qc2 g6 22. Qc3 c5 23. Nc2 g5 24. Nh3 Qxc4 25. Qxc4 Nxc4 26. Nxg5 Rg7 27. h4 h6 28. Nh3 Rxg2 29. Nf4 Rg3 30. Nh5 Rg6 31. Nf4 Rd6 32. Rhg1+ Kf7 33. Rg3 Rg8 34. Reg1 Rxg3 35. Rxg3 Nd2 36. Ne1 Nf1 37. Rg1 Nxe3 38. Ned3 c4 39. Ne5+ Kf6 40. Nfg6 f4 41. h5 Rd5 42. Ng4+ Nxg4 0-1

[Event "Wch U20 54th"]
[Site "Khanty-Mansiysk"]
[Date "2015.09.10"]
[Round "8"]
[White "Ererdem, Gani Eren"]
[Black "Dutreuil, Raphael"]
[Result "1/2-1/2"]
[WhiteElo "2213"]
[BlackElo "2166"]
[PlyCount "114"]
[EventDate "2015.09.02"]
[EventType "swiss"]
[EventRounds "13"]
[EventCountry "RUS"]
[SourceTitle "EXT 2016"]
[Source "ChessBase"]
[SourceDate "2015.10.08"]
[SourceVersion "1"]
[SourceVersionDate "2015.10.08"]
[SourceQuality "1"]

1. d4 Nf6 2. Nf3 g6 3. Nbd2 d5 4. e3 Bg7 5. b4 c6 6. c4 0-0 7. Bb2 Na6 8. a3 Nc7 9. Be2 a5 10. bxa5 Rxa5 11. 0-0 Bf5 12. Nb3 Ra7 13. a4 Na6 14. a5 Ne4 15. Rc1 Nd6 16. c5 Ne4 17. Ne5 f6 18. Nd3 Ng5 19. Ra1 e5 20. dxe5 Bxd3 21. Bxd3 fxe5 22. f4 Nf7 23. f5 Qg5 24. fxg6 hxg6 25. Qd2 Bh6 26. Rf3 d4 27. Rg3 Qxe3+ 28. Qxe3 Bxe3+ 29. Kh1 g5 30. Bc1 Bf4 31. Bxf4 exf4 32. Rh3 Nb4 33. Bh7+ Kg7 34. Nxd4 Rh8 35. Bf5 Rxh3 36. gxh3 Kf6 37. Bc8 Nd3 38. Nb3 Nfe5 39. Kg2 Ke7 40. Rd1 f3+ 41. Kg3 Kf6 42. Bg4 Ra8 43. Bxf3 Rh8 44. Be2 Nf4 45. Bf1 Ne6 46. Rd6 Ke7 47. Rd1 Rf8 48. Be2 Rf4 49. Bg4 Nxg4 50. hxg4 Rc4 51. Rd3 Nxc5 52. Nxc5 Rxc5 53. Ra3 Kf6 54. h4 gxh4+ 55. Kxh4 Kg6 56. Rb3 Rb5 57. Ra3 Rc5 1/2-1/2

[Event "Avoine op 30th"]
[Site "Avoine"]
[Date "2015.07.24"]
[Round "7"]
[White "Dutreuil, Raphael"]
[Black "Ollier, Pablo"]
[Result "1/2-1/2"]
[WhiteElo "2130"]
[BlackElo "2369"]
[PlyCount "57"]
[EventDate "2015.07.18"]
[EventType "swiss"]
[EventRounds "9"]
[EventCountry "FRA"]
[SourceTitle "EXT 2016"]
[Source "ChessBase"]
[SourceDate "2015.10.08"]
[SourceVersion "1"]
[SourceVersionDate "2015.10.08"]
[SourceQuality "1"]

1. d4 Nf6 2. c4 e6 3. g3 Bb4+ 4. Bd2 Be7 5. Bg2 d5 6. Nf3 c6 7. 0-0 0-0 8. Bf4 b6 9. Nbd2 Ba6 10. Rc1 Nbd7 11. cxd5 cxd5 12. Re1 Ne8 13. Qa4 Bb7 14. Rc2 Nd6 15. Rec1 b5 16. Qb3 Qb6 17. a4 a6 18. Bf1 Nc4 19. Qa2 Rac8 20. b3 Nxd2 21. Bxd2 Rxc2 22. Rxc2 Rc8 23. Rxc8+ Bxc8 24. axb5 Qxb5 25. e3 Qc6 26. Ne1 Bb7 27. Nd3 e5 28. Bb4 Bf6 29. Bc5 1/2-1/2

[Event "Avoine op 30th"]
[Site "Avoine"]
[Date "2015.07.22"]
[Round "5"]
[White "Dutreuil, Raphael"]
[Black "Haub, Thorsten Michael"]
[Result "1/2-1/2"]
[WhiteElo "2130"]
[BlackElo "2392"]
[PlyCount "50"]
[EventDate "2015.07.18"]
[EventType "swiss"]
[EventRounds "9"]
[EventCountry "FRA"]
[SourceTitle "EXT 2016"]
[Source "ChessBase"]
[SourceDate "2015.10.08"]
[SourceVersion "1"]
[SourceVersionDate "2015.10.08"]
[SourceQuality "1"]

1. d4 f5 2. Bg5 g6 3. Nc3 Bg7 4. h4 h6 5. Bf4 Nf6 6. Nf3 d6 7. e3 e6 8. Bd3 Nc6 9. Qe2 Qe7 10. Bh2 e5 11. dxe5 Nxe5 12. Bxe5 dxe5 13. e4 f4 14. 0-0-0 c6 15. Bc4 Bd7 16. Bb3 0-0-0 17. Qc4 Kb8 18. Rd2 b5 19. Qe2 Ne8 20. Rhd1 Bf6 21. a4 a6 22. Ne1 Nc7 23. Rd6 Ne8 24. R6d2 Nc7 25. Rd6 Ne8 1/2-1/2